| 000 | 00490nam a22001937a 4500 | ||
|---|---|---|---|
| 003 | OSt | ||
| 005 | 20180116183022.0 | ||
| 008 | 151126b xxu||||| |||| 00| 0 eng d | ||
| 020 | _a0 | ||
| 040 | _c0 | ||
| 082 | _a813.54 THO 1976 | ||
| 100 | _aLeslie Thomas | ||
| 245 |
_aDangerous Davies the last Detective _cLeslie Thomas |
||
| 260 |
_aLondon _bPan _c1976 |
||
| 300 |
_a240 p. _bPB |
||
| 440 | _aDangerous Davies the last Detective | ||
| 600 | _aLeslie Thomas | ||
| 942 |
_2ddc _cBK |
||
| 999 |
_c350636 _d350636 |
||